000 01293cam a2200181ua 4500
003 OSt
008 220124b ||||| |||| 00| 0 eng d
082 _a631.3
_bKEP/PR
100 _aKepner, R.A .
_91341
245 _aPrinciples of farm machinery /
250 _a3 /
260 _aNew Delhi :
_bC B S Publishers & Distributers ,
_c1978.
300 _a527 ; .
505 _a1 Research and Development in Farm Machinery 2. Implement Types, Field Capacities, and Costs 3. Mechanical Power Transmission and Power-Take-Off Drives 4. Hydraulic Power Transmission and Implement Controls 5. Soil Tillage and Dynamics 6. Moldboard Plows 7. Disk Implements 8. Hitch Systems and Hitching Tillage Implements 9. Chisel-type and Multipowered Tillage Implements 10. Crop Planting 11. Row-Crop Cultivation, Flaming, and Thinning 12. Applying Fertilizers and Granular Pesticides 13. Spraying and Dusting 14. Hay Harvesting: Cutting, Conditioning, and Windrowing 15. Packaging and Handling Hay 16. Forage Chopping and Handling 17. Grain and Seed Harvesting 18. Corn Picking and Shelling 19. Cotton Harvesting 20. Root Crop Harvesting 21. Fruit and Vegetable Harvesting and Handling
700 1 _aBainer, Roy .
_95146
700 1 _aBarger, E.L .
_91343
942 _cBK
999 _c1819
_d1819